000 00437nam a22001817a 4500
003 MPLRDC
005 20220104114449.0
008 210129b ||||| |||| 00| 0 eng d
020 _a7-80674-928-7
082 _a741.8 MDG
100 _a孟大革
245 _a侃倒英国佬
_c
250 _a一版一刷
260 _a中国
_b百花洲文艺出版社
_c2005
300 _b200
650 _a英国--类志
942 _cBK
_o741.8 MDG
999 _c7668
_d7658